[Event "SRI-chB"]
[Site "Narahenpita"]
[Date "2017.05.12"]
[Round "1"]
[White "Kandearachchi, Niranga"]
[Black "Chandrasiri, PK."]
[Result "1-0"]
[WhiteElo "1941"]
[BlackElo "1582"]
[PlyCount "67"]
[EventDate "2017.05.12"]
[EventType "swiss"]
[EventRounds "10"]
[EventCountry "SRI"]
[SourceTitle "CBM 178 Extra"]
[Source "ChessBase"]
[SourceDate "2017.06.22"]
[SourceVersion "1"]
[SourceVersionDate "2017.06.22"]
[SourceQuality "1"]

1. e4 e6 2. d4 d5 3. Nd2 Nf6 4. Bd3 c6 5. Ngf3 b6 6. 0-0 Ba6 7. Bxa6 Nxa6 8. exd5 cxd5 9. Ne5 Bd6 10. Ndf3 Qc7 11. Qe2 Nb8 12. Bf4 0-0 13. Rac1 Ng4 14. c4 Nxe5 15. dxe5 Be7 16. cxd5 Qd7 17. d6 Bd8 18. Qe4 Na6 19. Qxa8 Nc5 20. Rxc5 bxc5 21. Qe4 f5 22. Qc4 Bb6 23. Bg5 Rb8 24. Be7 h6 25. b3 Kf7 26. Nh4 g6 27. Rd1 Qc6 28. Nxg6 Rg8 29. Nf4 Qd7 30. Rd3 Bd8 31. Bxd8 Rxd8 32. Rg3 Rb8 33. Nxe6 Qxe6 34. Rg7+ 1-0